<?xml version="1.0" encoding="UTF-8"?>
<record
    xmlns:xsi="http://www.w3.org/2001/XMLSchema-instance"
    xsi:schemaLocation="http://www.loc.gov/MARC21/slim http://www.loc.gov/standards/marcxml/schema/MARC21slim.xsd"
    xmlns="http://www.loc.gov/MARC21/slim">

  <leader>01011nam a2200289 ia4500</leader>
  <controlfield tag="005">20211013101511.0</controlfield>
  <controlfield tag="008">211010t2020     mya|||b  ||| ||0 1 eng d</controlfield>
  <datafield tag="020" ind1=" " ind2=" ">
    <subfield code="a">9789837723283</subfield>
    <subfield code="c">RM 9.90</subfield>
    <subfield code="q">paperback</subfield>
  </datafield>
  <datafield tag="040" ind1=" " ind2=" ">
    <subfield code="a">PPAK</subfield>
    <subfield code="b">eng</subfield>
    <subfield code="c">PPAK</subfield>
    <subfield code="e">rda</subfield>
  </datafield>
  <datafield tag="082" ind1="0" ind2="4">
    <subfield code="2">23</subfield>
    <subfield code="a">428.6</subfield>
  </datafield>
  <datafield tag="090" ind1="0" ind2="0">
    <subfield code="a">428.6</subfield>
    <subfield code="b">RAY</subfield>
    <subfield code="d">K</subfield>
  </datafield>
  <datafield tag="100" ind1="1" ind2=" ">
    <subfield code="a">Rayner, Shoo</subfield>
    <subfield code="e">author</subfield>
    <subfield code="e">illustrator.</subfield>
  </datafield>
  <datafield tag="245" ind1="1" ind2="0">
    <subfield code="a">What does an illustrator do? /</subfield>
    <subfield code="c">Written and Illustrated by Shoo Rayner ; Series editor: Rebecca Adlard</subfield>
  </datafield>
  <datafield tag="264" ind1=" " ind2="1">
    <subfield code="a">Petaling Jaya, Selangor Darul Ehsan :</subfield>
    <subfield code="b">Sasbadi Sdn. Bhd.,</subfield>
    <subfield code="c">2020</subfield>
  </datafield>
  <datafield tag="264" ind1=" " ind2="4">
    <subfield code="c">&#xA9;2020</subfield>
  </datafield>
  <datafield tag="300" ind1=" " ind2=" ">
    <subfield code="a">23 pages :</subfield>
    <subfield code="b">colour illustrations ;</subfield>
    <subfield code="c">21 cm.</subfield>
  </datafield>
  <datafield tag="336" ind1=" " ind2=" ">
    <subfield code="2">rdacontent</subfield>
    <subfield code="a">text</subfield>
    <subfield code="a">still images</subfield>
  </datafield>
  <datafield tag="337" ind1=" " ind2=" ">
    <subfield code="2">rdamedia</subfield>
    <subfield code="a">unmediated</subfield>
  </datafield>
  <datafield tag="338" ind1=" " ind2=" ">
    <subfield code="2">rdacarrier</subfield>
    <subfield code="a">volume</subfield>
  </datafield>
  <datafield tag="490" ind1="1" ind2=" ">
    <subfield code="a">peapod readers</subfield>
  </datafield>
  <datafield tag="500" ind1=" " ind2=" ">
    <subfield code="a">Reader level 4
CEFR Lower A1</subfield>
  </datafield>
  <datafield tag="650" ind1="1" ind2="0">
    <subfield code="a">English language </subfield>
    <subfield code="x">Readers (Primary)</subfield>
    <subfield code="v">Fiction</subfield>
  </datafield>
  <datafield tag="650" ind1="2" ind2="0">
    <subfield code="a">Children's stories, English</subfield>
  </datafield>
  <datafield tag="700" ind1="1" ind2=" ">
    <subfield code="a">Adlard, Rebecca</subfield>
    <subfield code="e">editor.</subfield>
  </datafield>
  <datafield tag="830" ind1=" " ind2="0">
    <subfield code="a">peapod readers</subfield>
  </datafield>
  <datafield tag="942" ind1=" " ind2=" ">
    <subfield code="2">ddc</subfield>
    <subfield code="c">B</subfield>
  </datafield>
  <datafield tag="999" ind1=" " ind2=" ">
    <subfield code="c">185287</subfield>
    <subfield code="d">185287</subfield>
  </datafield>
  <datafield tag="952" ind1=" " ind2=" ">
    <subfield code="0">0</subfield>
    <subfield code="7">0</subfield>
    <subfield code="b">PPAK</subfield>
    <subfield code="c">K</subfield>
    <subfield code="d">2022-04-11</subfield>
    <subfield code="l">3</subfield>
    <subfield code="o">K 428.6 RAY</subfield>
    <subfield code="p">A01730604</subfield>
    <subfield code="r">2024-03-17 15:04:41</subfield>
    <subfield code="s">2024-02-25</subfield>
    <subfield code="y">B</subfield>
  </datafield>
  <datafield tag="952" ind1=" " ind2=" ">
    <subfield code="0">0</subfield>
    <subfield code="7">0</subfield>
    <subfield code="b">SP</subfield>
    <subfield code="c">K</subfield>
    <subfield code="d">2022-04-11</subfield>
    <subfield code="l">2</subfield>
    <subfield code="o">K 428.6 RAY</subfield>
    <subfield code="p">A01730605</subfield>
    <subfield code="r">2025-09-10 16:51:33</subfield>
    <subfield code="s">2025-09-06</subfield>
    <subfield code="y">B</subfield>
  </datafield>
  <datafield tag="952" ind1=" " ind2=" ">
    <subfield code="0">0</subfield>
    <subfield code="7">0</subfield>
    <subfield code="b">JT</subfield>
    <subfield code="c">K</subfield>
    <subfield code="d">2022-04-11</subfield>
    <subfield code="l">2</subfield>
    <subfield code="o">K 428.6 RAY</subfield>
    <subfield code="p">A01730606</subfield>
    <subfield code="r">2024-02-07 13:27:04</subfield>
    <subfield code="s">2024-01-17</subfield>
    <subfield code="y">B</subfield>
  </datafield>
  <datafield tag="952" ind1=" " ind2=" ">
    <subfield code="0">0</subfield>
    <subfield code="7">0</subfield>
    <subfield code="b">LW</subfield>
    <subfield code="c">K</subfield>
    <subfield code="d">2022-04-11</subfield>
    <subfield code="l">1</subfield>
    <subfield code="o">K 428.6 RAY</subfield>
    <subfield code="p">A01730607</subfield>
    <subfield code="r">2025-05-22 15:11:12</subfield>
    <subfield code="s">2025-05-15</subfield>
    <subfield code="y">B</subfield>
  </datafield>
  <datafield tag="952" ind1=" " ind2=" ">
    <subfield code="0">0</subfield>
    <subfield code="7">0</subfield>
    <subfield code="b">KM</subfield>
    <subfield code="c">K</subfield>
    <subfield code="d">2022-04-11</subfield>
    <subfield code="l">1</subfield>
    <subfield code="o">K 428.6 RAY</subfield>
    <subfield code="p">A01730608</subfield>
    <subfield code="r">2024-05-11 11:13:38</subfield>
    <subfield code="s">2024-04-27</subfield>
    <subfield code="y">B</subfield>
  </datafield>
  <datafield tag="952" ind1=" " ind2=" ">
    <subfield code="0">0</subfield>
    <subfield code="7">0</subfield>
    <subfield code="b">BL</subfield>
    <subfield code="c">K</subfield>
    <subfield code="d">2022-04-11</subfield>
    <subfield code="l">1</subfield>
    <subfield code="o">K 428.6 RAY</subfield>
    <subfield code="p">A01730609</subfield>
    <subfield code="r">2025-06-09 08:25:52</subfield>
    <subfield code="s">2025-05-24</subfield>
    <subfield code="y">B</subfield>
  </datafield>
  <datafield tag="952" ind1=" " ind2=" ">
    <subfield code="0">0</subfield>
    <subfield code="7">0</subfield>
    <subfield code="b">BB</subfield>
    <subfield code="c">K</subfield>
    <subfield code="d">2022-04-11</subfield>
    <subfield code="o">K 428.6 RAY</subfield>
    <subfield code="p">A01730610</subfield>
    <subfield code="r">2022-04-11 00:00:00</subfield>
    <subfield code="y">B</subfield>
  </datafield>
  <datafield tag="952" ind1=" " ind2=" ">
    <subfield code="0">0</subfield>
    <subfield code="7">0</subfield>
    <subfield code="b">MR</subfield>
    <subfield code="c">K</subfield>
    <subfield code="d">2022-04-11</subfield>
    <subfield code="o">K 428.6 RAY</subfield>
    <subfield code="p">A01730611</subfield>
    <subfield code="r">2022-04-11 00:00:00</subfield>
    <subfield code="y">B</subfield>
  </datafield>
  <datafield tag="952" ind1=" " ind2=" ">
    <subfield code="0">0</subfield>
    <subfield code="7">0</subfield>
    <subfield code="b">YN</subfield>
    <subfield code="c">K</subfield>
    <subfield code="d">2022-04-11</subfield>
    <subfield code="o">K 428.6 RAY</subfield>
    <subfield code="p">A01730612</subfield>
    <subfield code="r">2022-04-11 00:00:00</subfield>
    <subfield code="y">B</subfield>
  </datafield>
  <datafield tag="952" ind1=" " ind2=" ">
    <subfield code="0">0</subfield>
    <subfield code="7">0</subfield>
    <subfield code="b">SK</subfield>
    <subfield code="c">K</subfield>
    <subfield code="d">2022-04-11</subfield>
    <subfield code="l">1</subfield>
    <subfield code="o">K 428.6 RAY</subfield>
    <subfield code="p">A01730613</subfield>
    <subfield code="r">2026-01-26 11:09:03</subfield>
    <subfield code="s">2026-01-05</subfield>
    <subfield code="y">B</subfield>
  </datafield>
  <datafield tag="952" ind1=" " ind2=" ">
    <subfield code="0">0</subfield>
    <subfield code="7">0</subfield>
    <subfield code="b">KN</subfield>
    <subfield code="c">K</subfield>
    <subfield code="d">2022-04-11</subfield>
    <subfield code="o">K 428.6 RAY</subfield>
    <subfield code="p">A01730614</subfield>
    <subfield code="r">2022-04-11 00:00:00</subfield>
    <subfield code="y">B</subfield>
  </datafield>
  <datafield tag="952" ind1=" " ind2=" ">
    <subfield code="0">0</subfield>
    <subfield code="7">0</subfield>
    <subfield code="b">PG</subfield>
    <subfield code="c">K</subfield>
    <subfield code="d">2022-04-11</subfield>
    <subfield code="o">K 428.6 RAY</subfield>
    <subfield code="p">A01730615</subfield>
    <subfield code="r">2022-04-11 00:00:00</subfield>
    <subfield code="y">B</subfield>
  </datafield>
  <datafield tag="952" ind1=" " ind2=" ">
    <subfield code="0">0</subfield>
    <subfield code="7">0</subfield>
    <subfield code="b">B5</subfield>
    <subfield code="c">K</subfield>
    <subfield code="d">2022-04-11</subfield>
    <subfield code="o">K 428.6 RAY</subfield>
    <subfield code="p">A01730616</subfield>
    <subfield code="r">2022-04-11 00:00:00</subfield>
    <subfield code="y">B</subfield>
  </datafield>
</record>
